Children learning English

Guardat en:
Dades bibliogràfiques
Autor principal: Moon, Jayne
Format: Llibre
Idioma:Undetermined
Publicat: Oxford, UK MacMillan 2005
Matèries:
Etiquetes: Afegir etiqueta
Sense etiquetes, Sigues el primer a etiquetar aquest registre!
Thư viện lưu trữ: Trung tâm Học liệu Trường Đại học Cần Thơ
LEADER 00577nam a2200205Ia 4500
001 CTU_123632
008 210402s9999 xx 000 0 und d
020 |c 189000 
082 |a 372.65 
082 |b M818 
100 |a Moon, Jayne 
245 0 |a Children learning English 
245 0 |c Jayne Moon 
260 |a Oxford, UK 
260 |b MacMillan 
260 |c 2005 
650 |a English language,English language 
650 |x Study and teaching ( Elementary ),Study and teaching ( Secondary ) 
904 |i Minh 
980 |a Trung tâm Học liệu Trường Đại học Cần Thơ